000 00754nam a2200277Ia 4500
003 OSt
005 20221006142239.0
006 a|||||r|||| 00| 0
007 ta
008 221006b |||||||| |||| 00| 0 eng d
024 _a5,796
037 _cTextual
040 _aEASL
_cEASL
_beng
041 _2eng
_aeng
082 _aT4.41.N8, M3-;1
100 _aWENMING Su Ed.
_9647239
245 0 _aNation at school
260 _aBeijing
_bBeijing Review
_c1983
300 _a143p.
_ccm.
490 _v 1 CEL
_aChina Today, No. 5
650 _a CEL
650 _a Hicher Education China
_9647240
650 _aPrimary Education China
_9647241
942 _hT4.41.N8, M3-;1
_cTEXL
_2CC
999 _c1073882
_d1073882